Responses for Show #3842 - Tuesday, April 24, 2001

Contestants

[<< previous game]

Kathleen Hoffman, a graduate student originally from Philadelphia, Pennsylvania

Tom Flemma, a high school history teacher from Lakeville, Connecticut

Robin O'Brien, a project manager from New York City, New York (whose 1-day cash winnings total $9,201)

[next game >>]

Jeopardy! Round responses

A WORLD OF ART
CROSSWORD CLUES "S"
TO YOUR HEALTH
SUBATOMIC PARTICLES
FEMALE FLYERS
PSYCHO BABBLE
(Alex: Quotes from the Alfred Hitchcock film)
    $100 1
Brussels

Robin
    $100 10
sheaf

Robin
    $100 16
Knee

Robin
    $100 21
Negative

Tom
    $100 26
Pilot's license

Kathleen
    $100 5
His mother

Kathleen
    $200 2
Sydney Opera House

Robin
    $200 11
siesta

Kathleen
    $200 17
Vitamins

Robin
    $200 22
Albert Einstein

Robin
    $200 27
Circumnavigate the globe

Tom
    $200 6
Fly

Kathleen
    $300 3
Rembrandt

Robin
    $300 12
sword

Robin
    $300 18
(Kathleen: What is Grape-Nuts?)

wheat germ

RobinKathleen
    $300 23
Neutron

Robin
    $300 28
Charles Lindbergh

Robin
    $300 7
Vacancies

Tom
    $400 4
Buckingham Palace

Kathleen
    $400 13
Sugarloaf

Triple Stumper
    $400 19
Stretching

Robin
    $1,000 24
Hydrogen

Robin
    $400 29
Loop-the-loop

Triple Stumper
    $400 8
Transvestite

Kathleen
    $500 15
Medici

Robin
    $500 14
Soleil

Tom
    $500 20
Jumping jacks

Triple Stumper
    $500 25
Hans Geiger

Tom
    $500 30
Space/astronaut program

Kathleen
    $500 9
Taxidermy

Kathleen

Scores at the first commercial break (after clue 15):

Robin Tom Kathleen
$1,500 $800 $1,800

Scores at the end of the Jeopardy! Round:

Robin Tom Kathleen
$4,300 $1,600 $2,100

Double Jeopardy! Round responses

GEOGRAPHIC NAMES
SPORTS HOLDS
(Alex: We will give you a name & you have to tell us what that person would usually be holding in the course of his or her occupation)
CIVIL WAR PEOPLE
"LE" CATEGORIE
THE QUOTABLE CHURCHILL
PSYCHOBABBLE
(Alex: The regular kind)
    $200 6
Micronesia

Tom
    $200 3
Football

Robin
    $200 1
Gettysburg

Robin
    $200 16
Matt LeBlanc

Kathleen
    $200 22
Franklin D. Roosevelt

Kathleen
    $200 17
Inner child

Robin
    $400 8
Gobi

Kathleen
    $400 12
Golf club

Robin
    $400 2
Ulysses S. Grant

Kathleen
    $400 18
Simon Le Bon

Robin
    $400 27
Victory

Robin
    $400 23
Enabler

Robin
    $600 9
Singapore

Kathleen
    $600 13
Pool cue/stick

Tom
    $1,500 4
John Wilkes Booth

Robin
    $600 19
"Le Freak"

Kathleen
    $600 28
Europe

Tom
    $600 24
(AHMA: American Holistic Medical Association)

Holistic

Robin
    $1,500 10
(Kathleen: What is Mackinac?)

Battle Creek

Kathleen
    $800 14
Steering wheel

Robin
    $800 5
(Robin: Who is John Brown?)

William Quantrill

Robin
Triple Stumper
    $800 20
Kelly LeBrock

Tom
    $800 29
(Kathleen: What are the Philippines?)

India

Kathleen
Triple Stumper
    $800 25
"Father Figure"

Kathleen
    $1000 11
Bosporus

Robin
    $1000 15
Pole (for the pole vault)

Triple Stumper
    $1000 7
Winfield Scott

Tom
    $1000 21
Le Car

Tom
    $1000 30
(Alex: A lot of our clues make sense - have you noticed that?)

The tools

Triple Stumper
    $1000 26
Psychodrama

Triple Stumper

Scores at the end of the Double Jeopardy! Round:

Robin Tom Kathleen
$9,600 $5,800 $3,000

[wagering suggestions for these scores]

Final Jeopardy! Round responses

DISNEY FILMS
KathleenWhat is Lady and the Tramp?
$2,500
TomWhat is Lady & the Tramp?
$5,000
RobinWhat is Fantasia
$2,001
Lady and the Tramp

Final scores:

Robin Tom Kathleen
$7,599 $10,800 $5,500
2nd place: Princess Caribbean Cruise New champion: $10,800 3rd place: TicketsNow.com Gift Certificate

Game dynamics:

Coryat scores:

Robin Tom Kathleen
$8,100 $5,800 $4,500
25 R
(including 2 DDs),
1 W
11 R,
0 W
15 R,
3 W
(including 1 DD)

Combined Coryat: $18,400

[game clues] [game scores] [suggest correction]

Game tape date: 2001-02-01
The J! Archive is created by fans, for fans. Scraping, republication, monetization, and malicious use prohibited; this site may use cookies and collect identifying information. See terms. The Jeopardy! game show and all elements thereof, including but not limited to copyright and trademark thereto, are the property of Jeopardy Productions, Inc. and are protected under law. This website is not affiliated with, sponsored by, or operated by Jeopardy Productions, Inc. Join the discussion at JBoard.tv.